|
|
|
|
| LEADER |
00971cam a2200277 i 4500 |
| 001 |
0000150194 |
| 005 |
20250630090000.0 |
| 008 |
250630 20242024my # |
| 020 |
|
|
|a 9789672437826
|q paperback
|
| 040 |
|
|
|a KPM
|b eng
|c KPM
|e rda
|
| 090 |
0 |
0 |
|a 909.049923
|b ABD
|e 2024
|
| 100 |
1 |
|
|a Abdullah Sidek,
|e author.
|
| 245 |
1 |
0 |
|a KITAB TAMADUN MELAYU :
|b II
|c ABDULLAH SIDEK ; Penyunting: Fatin Atikah
|
| 264 |
|
1 |
|c @2024
|
| 264 |
|
4 |
|a Kuala Lumpur :
|b THE PATRIOTS,
|c 2024
|
| 300 |
|
|
|a 421 pages :
|b illustrations, photographs ;
|c 23 cm
|
| 336 |
|
|
|a text
|2 rdacontent
|
| 337 |
|
|
|a unmediated
|2 rdamedia
|
| 338 |
|
|
|a volume
|2 rdacarrier
|
| 650 |
2 |
0 |
|a Malay (Asian people)
|x Civilization
|
| 650 |
1 |
0 |
|a Malys (Asian people)
|x History
|
| 651 |
|
0 |
|a Malay Archipelago
|x History
|
| 651 |
|
0 |
|a Malay Archipelago
|x Civilization
|
| 700 |
1 |
|
|a Fatin Atikah,
|e editor.
|
| 852 |
1 |
|
|a 01
|
| 999 |
|
|
|a P0000567
|b 32 Rejimen Artileri Diraja
|d BOOKS
|e Umum
|f Other Branches
|j AVAILABLE
|q GOOD CONDITION
|